Tribhuvan University Central Library

Economic growth (Record no. 32959)

MARC details
000 -LEADER
fixed length control field 006660000a22002770004500
082 ## - DEWEY DECIMAL CLASSIFICATION NUMBER
Classification number 338.9
Item number B278b
-- T
020 ## - INTERNATIONAL STANDARD BOOK NUMBER
International Standard Book Number 81-203-2551-6
041 ## - LANGUAGE CODE
Language code of text/sound track or separate title Eng
100 ## - MAIN ENTRY--PERSONAL NAME
Personal name Barro, Robert J.
100 ## - MAIN ENTRY--PERSONAL NAME
Personal name Sala-i-Martin, Xavier
245 ## - TITLE STATEMENT
Title Economic growth
250 ## - EDITION STATEMENT
Edition statement 2nd edn.
260 ## - PUBLICATION, DISTRIBUTION, ETC. (IMPRINT)
Place of publication, distribution, etc New Delhi
Name of publisher, distributor, etc Prentice Hall of India, India
260 ## - PUBLICATION, DISTRIBUTION, ETC. (IMPRINT)
Date of publication, distribution, etc 2004
300 ## - PHYSICAL DESCRIPTION
Extent xiv,654p.
Other physical details illus.
518 ## - DATE/TIME AND PLACE OF AN EVENT NOTE
Date/time and place of an event note 20050110
530 ## - ADDITIONAL PHYSICAL FORM AVAILABLE NOTE
Additional physical form available note M
500 ## - GENERAL NOTE
General note Bibliography: p.627-640
650 ## - SUBJECT ADDED ENTRY--TOPICAL TERM
Topical term or geographic name as entry element Economic development
650 ## - SUBJECT ADDED ENTRY--TOPICAL TERM
Topical term or geographic name as entry element Economic growth
650 ## - SUBJECT ADDED ENTRY--TOPICAL TERM
Topical term or geographic name as entry element Economics
650 ## - SUBJECT ADDED ENTRY--TOPICAL TERM
Topical term or geographic name as entry element Consumers
650 ## - SUBJECT ADDED ENTRY--TOPICAL TERM
Topical term or geographic name as entry element Labour supply
650 ## - SUBJECT ADDED ENTRY--TOPICAL TERM
Topical term or geographic name as entry element Empirical research
942 ## - ADDED ENTRY ELEMENTS (KOHA)
Koha item type General Collections
Holdings
Withdrawn status Lost status Damaged status Not for loan Home library Current library Date acquired Total Checkouts Barcode Date last seen Price effective from Date checked out Source of classification or shelving scheme Shelving location Full call number Koha item type
        Tribhuvan University Central Library Tribhuvan University Central Library 06/20/2010   126186 06/20/2010 06/20/2010          
        Tribhuvan University Central Library Tribhuvan University Central Library 06/20/2010 1 126187 07/28/2015 06/20/2010 03/19/2015        
        Tribhuvan University Central Library Tribhuvan University Central Library 06/20/2010   129607 06/20/2010 06/20/2010          
        Tribhuvan University Central Library Tribhuvan University Central Library 01/20/2011 1 128919 11/20/2014 01/20/2011 11/17/2014 Dewey Decimal Classification New Building 338.9 B278b General Collections